000 00642nam a2200253Ia 4500
001 49544
005 20240114003955.0
007 ta
008 090527s2000 g b000 u 346 u
020 _cHB
040 _aCotton College,Assam
041 _a346
082 _a294.592
_bMu 896 Gi
100 _aMukhopadhyay, Jognath .
245 0 _aGita Abhidhan /
_cJognath Mukhopadhyay.
_hTextual Documents
250 _a1st ed /
260 _aCalcutta :
_bM. C. Sarkar & Sons ,
_c2000.
300 _a92p ;
_c23 cm.
653 _aReligion
653 _aG-Religion
942 _2ddc
_cBK
999 _c49509
_d49509